LEADER 00918nam--2200337---450 001 990002404760203316 005 20200507075740.0 035 $a000240476 035 $aUSA01000240476 035 $a(ALEPH)000240476USA01 035 $a000240476 100 $a20050303d1972----km-y0itay0103----ba 101 0 $aita 102 $aIT 105 $aa---||||001yy 200 1 $aConceptual art$fErmanno Migliorini 210 $aFirenze$cIl fiorino$d1972 215 $a178 p., [24] carte di tav.$cill.$d21 cm 225 2 $a<> fiorini$v1 300 $aIn appendice: Notizie di art-language 410 0$12001$a<> fiorini$v1 606 0 $aBello 676 $a111.85 700 1$aMIGLIORINI,$bErmanno$0160559 801 0$aIT$bsalbc$gISBD 912 $a990002404760203316 951 $aXVII A. 2191$b640 DLAS$cXVII A.$d390587 959 $aBK 969 $aCAS 996 $aConceptual art$91065451 997 $aUNISA LEADER 01072nam 2200373 450 001 9910131535103321 005 20221015122331.0 010 $a953-51-5057-X 010 $a953-51-2164-2 035 $a(CKB)3710000000493004 035 $a(NjHacI)993710000000493004 035 $a(EXLCZ)993710000000493004 100 $a20221015d2015 uy 0 101 0 $aeng 135 $aur||||||||||| 181 $ctxt$2rdacontent 182 $cc$2rdamedia 183 $acr$2rdacarrier 200 00$aIon Exchange $eStudies and Applications /$fedited by Ayben Kilislioglu 210 1$aCroatia :$cIntechOpen,$d2015. 215 $a1 online resource (206 pages) $cillustrations 320 $aIncludes bibliographical references. 517 $aIon exchange 517 $aIon Exchange - Studies and Applications 606 $aIon exchange 615 0$aIon exchange. 676 $a541.3723 702 $aKilislioglu$b Ayben 801 0$bNjHacI 801 1$bNjHacl 906 $aBOOK 912 $a9910131535103321 996 $aION exchange$9128109 997 $aUNINA